Az izom problémája
Elmentve itt :
| Szerző: | |
|---|---|
| Dokumentumtípus: | Cikk |
| Megjelent: |
1946
|
| Sorozat: | Irodalom, tudomány : a Magyar-Szovjet Művelődési Társaság folyóirata
1 No. 2 |
| Kulcsszavak: | Izomműködés tanulmány |
| Online Access: | http://misc.bibl.u-szeged.hu/3575 |
| LEADER | 00612nab a2200169 i 4500 | ||
|---|---|---|---|
| 001 | misc3575 | ||
| 005 | 20191106141847.0 | ||
| 008 | 170607s1946 hu o 0|| hun d | ||
| 040 | |a SZTE Miscellanea Repozitórium |b hun | ||
| 041 | |a hun | ||
| 100 | 2 | |a Szent-Györgyi Albert | |
| 245 | 1 | 3 | |a Az izom problémája |h [elektronikus dokumentum] / |c Szent-Györgyi Albert |
| 260 | |c 1946 | ||
| 300 | |a 97-102 | ||
| 490 | 0 | |a Irodalom, tudomány : a Magyar-Szovjet Művelődési Társaság folyóirata |v 1 No. 2 | |
| 695 | |a Izomműködés tanulmány | ||
| 856 | 4 | 0 | |u http://misc.bibl.u-szeged.hu/3575/1/irtud_002_097-102.pdf |z Dokumentum-elérés |